| 000 | 00483 a2200169 4500 | ||
|---|---|---|---|
| 005 | 20260312150136.0 | ||
| 008 | 260312b |||||||| |||| 00| 0 eng d | ||
| 020 | _a9789360800284 | ||
| 040 | _cSDCL | ||
| 041 |
_2eng _aeng |
||
| 084 | _aV2:3(Q6)'P R6 | ||
| 100 |
_aZupanov, Ines G. _91131878 |
||
| 245 |
_aJesuit Missions In Coastal And South India (1543-1773) : _bBetween Mission And Empire |
||
| 260 |
_aNew Delhi : _bManohar, _c2026. |
||
| 300 | _a133p. | ||
| 942 |
_cTEXL _2CC |
||
| 999 |
_c1497294 _d1497294 |
||